| 000 | 00566nam a22001817a 4500 | ||
|---|---|---|---|
| 003 | OSt | ||
| 005 | 20260112055956.0 | ||
| 008 | 260112b |||||||| |||| 00| 0 eng d | ||
| 020 | _a0877791066 | ||
| 040 |
_aDWCL - Main _cOC |
||
| 082 | _aGR 403 W391 1676 v. 3 | ||
| 110 | _aMerriam-Webster | ||
| 245 |
_aWebster's Third New International Dictionary of the English Language Unabridged : _bS to Z |
||
| 260 |
_aPhilippines: _bG. & C. Merriam Co., _cc1976. |
||
| 300 |
_av. 3, 3134 p.; _c32 cm. |
||
| 650 | _a1. English Language--Dictionaries. | ||
| 942 |
_2ddc _cGR _n0 |
||
| 999 |
_c7284 _d7284 |
||